000 00704nam a2200289Ia 4500
005 20260324115444.0
008 008 260324s9999 xx 000 0 eng d
020 _a9781032681818
037 _aEBOOK
040 _aCRL
040 _beng
040 _cCRL
041 _2eng
041 _aeng
084 _qCRL
100 _aJennifer Jacobson
_91154736
245 0 _aNo More "How Long Does it Have to Be?"
245 0 _bFostering Independent Writers in Grades 3-8
260 _bTaylor and Francis
260 _c2018
365 _a
365 _b120
856 _uhttp://www.taylorfrancis.com/books/9781032681818
942 _cEBOOK
999 _c1745625
_d1745625